Surprising Nationalities of Famous People Quiz Stats

 Plays Quiz not verified by Sporcle

Challenge
Share
Tweet
Embed
Score 0/25 Timer 10:00
0 Plays Today
Famous Person Country of Origin % Correct
Adolf HitlerAustria
93%
Russell CroweNew Zealand
58.7%
RihannaBarbados
56.7%
Che GuevaraArgentina
51.3%
Fryderyk ChopinPoland
47.2%
Natalie PortmanIsrael
43.5%
Mel GibsonUSA
38.7%
Mila KunisUkraine (USSR)
36.6%
Pamela AndersonCanada
35.6%
Emma WatsonFrance
25.5%
Freddie MercuryTanzania (Zanzibar)
25.1%
Arthur Wellesley, 1st Duke of WellingtonIreland
19.1%
Bruce WillisGermany
18%
Famous Person Country of Origin % Correct
Audrey HepburnBelgium
16.7%
George OrwellIndia (British India)
16.5%
J.R.R. TolkienSouth Africa (Orange Free State)
15.2%
Katie MeluaGeorgia (USSR)
13.1%
John McCainPanama (Panama Canal Zone)
8.6%
Amy AdamsItaly
7.5%
Eddie IzzardYemen (Aden)
4.9%
Louis TherouxSingapore
3.7%
Alexander HamiltonSt Kitts and Nevis (Nevis)
2.9%
Joe StrummerTurkey
2.6%
Mervyn PeakeRepublic of China (China)
1.8%
Al BowllyPortugal (Mozambique)
1.7%

You're not logged in!

Compare scores with friends on all Sporcle quizzes.
OR
Log In

You Might Also Like...

Show Comments

Extras

Top Quizzes Today


Score Distribution

Your Account Isn't Verified!

In order to create a playlist on Sporcle, you need to verify the email address you used during registration. Go to your Sporcle Settings to finish the process.

Report this User

Report this user for behavior that violates our Community Guidelines.

Details: